000 00788nam a2200253Ia 4500
003 OSt
005 20221005103115.0
006 a|||||r|||| 00| 0
007 ta
008 221004b |||||||| |||| 00| 0 hin d
024 _a108621
037 _cTextual
040 _aCRL
_cCRL
_bhin
041 _2hin
_ahin
082 _aO152,1N098,13, H7
100 _aरांगेय राघव
245 0 _aमेधावी
246 _aMedhāvī
260 _aइलाहाबाद
_bहिंदुस्तानी ऐकेडेमी भारत
_c1947
300 _a265पृ0
_ccm.
650 _aहिन्दी साहित्य
942 _hO152,1N098,13, H7
_cTEXL
_2cc
999 _c1009468
_d1009468